| 000 | 01253cab a22002295a 4500 | ||
|---|---|---|---|
| 001 | L152866 | ||
| 008 | 110509e20110506xxk 000 0 eng d | ||
| 035 | _a(Sirsi) u152866 | ||
| 041 | 0 | _aeng | |
| 100 | 1 | _aWatson, Stuart | |
| 245 | 0 | 0 |
_aMarkets _bGlos, Herefordshire, Worcs + Warks |
| 260 | _c2011 | ||
| 490 | 0 |
_aProperty Week _v77(18) 6 May 2011, 39-42(4) |
|
| 520 | _aGovernment pledges £17.85m funding to create 173 acre business park near Worcester. Stanhope presses ahead with new retail developments in Gloucester's Kings Quarter and Hereford's Old Livestock Market. Lack of suitable land is hampering the development potential for distribution occupiers along the Birmingham-Bristol M5 corridor. Rolls Royce takes 26 000 sq ft at Warwick Technology Park. Office market conditions in Cheltenham have become more challenging with 45 000 sq ft Ellenborough House the only new space available so far in 2011. Preferred developer for Hereford's Buttermarket designed by Austin-Smith Lord likely to be announced in June. | ||
| 590 | _aKA | ||
| 651 | 4 | _aGloucestershire | |
| 651 | 4 | _aWorcestershire | |
| 651 | 4 | _aHerefordshire | |
| 651 | 4 | _aWarwickshire | |
| 690 | _aPROPERTY-COMMERCIAL PROPERTY-COMMERCIAL PROPERTY MARKET | ||
| 942 | _n0 | ||
| 999 |
_c83125 _d83125 |
||